From fragmentation to financial integration in Europe

Salvato in:
Dettagli Bibliografici
Altri autori: Enoch, Charles, Everaert, Luc, Tressel, Thierry
Natura: Libro
Lingua:inglese
Pubblicazione: Washington, D.C. International Monetary Fund 2014
Soggetti:
Tags: Aggiungi Tag
Nessun Tag, puoi essere il primo ad aggiungerne!!

MARC

LEADER 00000nam a2200000 4500
001 0190745
005 20240109074713.5
020 |a 978-1-48438-766-5 
041 0 |a eng 
044 |a US 
245 1 0 |a From fragmentation to financial integration in Europe  |c editors Charles Enoch ... [et al.] 
264 1 |a Washington, D.C.  |b International Monetary Fund  |c 2014 
300 |a xi, 512 s. 
610 2 0 |a kríza finančná 
610 2 0 |a integrácia 
610 2 0 |a integrácia menová 
610 2 0 |a financie medzinárodné 
610 2 0 |a Európska únia 
610 2 0 |a politika finančná 
610 2 0 |a politika hospodárska medzinárodná 
610 2 0 |a manažment krízový 
610 2 0 |a stabilita finančná 
610 2 0 |a únie hospodárske 
610 2 0 |a únie menové 
700 1 |a Enoch, Charles 
700 1 |a Everaert, Luc 
700 1 |a Tressel, Thierry